000 00506nam a2200181Ia 4500
008 100917s9999 xx 000 0 und d
082 _b22675
100 _aभावे पुरूषोत्तम भास्कर
245 _aवाघनखे
260 _bदेशमुख आणि कंपनी
_c1961
300 _a178
365 _b5
520 _aनिबंध
630 _aवाघनखे
650 _aनिबंध
730 _aवाघनखे
942 _cBOOK
999 _c628069
_d628066